Механика 1.3 (СО): электронный курс

Bibliografiske detaljer
Hovedforfatter: Пашкова Л. А. Людмила Александровна
Institution som forfatter: Национальный исследовательский Томский политехнический университет (ТПУ) Юргинский технологический институт (филиал) (ЮТИ) Кафедра технологии машиностроения (ТМС)
Summary:Заглавие с экрана
В курсе «Механика 1.3» рассматриваются теоретические вопросы основ прочностной надежности машин и механизмов. Особое внимание уделяется составлению расчетных схем, математическому моделированию надежности технических систем, базовым расчетам типовых конструкций по основным критериям работоспособности. После изучения данной дисциплины выпускники приобретают знания Основных принципов анализа и моделирования надежности технических систем и определения приемлемого риска, получают умения проводить расчеты деталей машин по критериям работоспособности и надежности, расчеты надежности и работоспособности основных видов механизмов.
Доступ по логину и паролю
Sprog:russisk
Udgivet: Томск, TPU Moodle, 2016
Fag:
Online adgang:https://design.lms.tpu.ru/course/view.php?id=1530
Format: MixedMaterials Electronisk Bog
KOHA link:https://koha.lib.tpu.ru/cgi-bin/koha/opac-detail.pl?biblionumber=666750

MARC

LEADER 00000nlm0a2200000 4500
001 666750
005 20231102030851.0
035 |a (RuTPU)RU\TPU\network\37954 
035 |a RU\TPU\network\17027 
090 |a 666750 
100 |a 20220125d2016 m y0rusy50 ca 
101 0 |a rus 
102 |a RU 
105 |a a j 000zy 
135 |a jrcn ---uucaa 
181 0 |a i  
182 0 |a b 
200 1 |a Механика 1.3 (СО)  |e электронный курс  |f Л. А. Пашкова  |g Национальный исследовательский Томский политехнический университет (ТПУ), Юргинский технологический институт (филиал) (ЮТИ), Кафедра технологии машиностроения (ТМС) 
203 |a Текст  |c электронный 
210 |a Томск  |c TPU Moodle  |d 2016 
230 |a Электрон. дан. 
300 |a Заглавие с экрана 
330 |a В курсе «Механика 1.3» рассматриваются теоретические вопросы основ прочностной надежности машин и механизмов. Особое внимание уделяется составлению расчетных схем, математическому моделированию надежности технических систем, базовым расчетам типовых конструкций по основным критериям работоспособности. После изучения данной дисциплины выпускники приобретают знания Основных принципов анализа и моделирования надежности технических систем и определения приемлемого риска, получают умения проводить расчеты деталей машин по критериям работоспособности и надежности, расчеты надежности и работоспособности основных видов механизмов. 
333 |a Доступ по логину и паролю 
606 1 |a Механика  |2 stltpush  |3 (RuTPU)RU\TPU\subj\67812  |9 83462 
610 1 |a электронный ресурс 
610 1 |a труды учёных ТПУ 
610 1 |a электронное обучение 
610 1 |a электронные курсы ТПУ 
610 1 |a электронные учебные пособия 
610 1 |a учебные пособия 
610 1 |a прочность 
610 1 |a жесткость 
610 1 |a равновесие 
675 |a 531(075.8)  |v 3 
700 1 |a Пашкова  |b Л. А.  |c доцент, кандидат технических наук  |c Юргинский технологический институт (филиал) Томского политехнического университета  |g Людмила Александровна  |2 stltpush  |3 (RuTPU)RU\TPU\pers\24494  |9 10817 
712 0 2 |a Национальный исследовательский Томский политехнический университет (ТПУ)  |b Юргинский технологический институт (филиал) (ЮТИ)  |b Кафедра технологии машиностроения (ТМС)  |h 356  |2 stltpush  |3 (RuTPU)RU\TPU\col\18902 
801 2 |a RU  |b 63413507  |c 20220627  |g RCR 
856 4 |u https://design.lms.tpu.ru/course/view.php?id=1530 
942 |c CF